Top Zach Bryan Songs - Statistics

General Stats
  • This quiz has been taken 33 times
    22 since last reset
  • The average score is 13 of 86
Answer Stats
Hint Answer % Correct
46 Burn,Burn,Burn
59%
48 Oklahoma smokeshow
59%
32 28
47%
44 Heading south
47%
62 sun to me
47%
28 Dawns
41%
25 Pink skies
41%
4 revival
41%
14 American nights
35%
16 Tourniquet
35%
27 East side of sorrow
29%
67 Madeline
29%
8 Nineball
29%
20 Overtime
29%
70 Snow
29%
29 From austin
24%
31 God speed
24%
15 Hey driver
24%
24 Oak Island
24%
2 Quittin time
24%
49 Spotless
24%
72 bass boat
18%
30 Blue
18%
58 boons
18%
52 Crooked teeth
18%
3 Fear and fridays
18%
43 Fifth of may
18%
10 Holy roller
18%
69 Motorcycle drive by
18%
35 Oklahoma city
18%
7 Open the gate
18%
11 Sarah's place
18%
63 The way back
18%
22 Tishomingo
18%
45 Better days
12%
21 Blue jean baby
12%
50 Boys of faith
12%
74 cold damn vampires
12%
36 Dear miss
12%
19 Highway boys
12%
47 Letting someone go
12%
86 Matt and audie
12%
76 mine
12%
1 Mine again
12%
26 Purple gas
12%
39 Sandpaper
12%
82 She's alright
12%
18 Summertime's close
12%
64 The good I'll do
12%
5 Ticking
12%
68 us then
12%
56 Whiskey fever
12%
85 68 fastback
6%
65 All the time
6%
60 A song for you
6%
6 Bowery
6%
34 Condemned
6%
42 Deep saten
6%
23 El dorado
6%
83 Funny man
6%
53 Greatest day of my life
6%
73 Happy instead
6%
13 Heavy eyes
6%
81 Jamie
6%
9 Late July
6%
84 Leaving
6%
59 Let you down
6%
12 Long Island
6%
75 Mechanical bull
6%
37 Ninth cloud
6%
41 River washed hair
6%
57 Sober side of sorry
6%
40 Something in orange
6%
78 Streets of london
6%
33 Younger years
6%
61 Birmingham
0%
77 Darling
0%
71 Don't give up on me
0%
66 If she wants a cowboy
0%
17 I remember eveything
0%
54 Like ida
0%
79 Man that's never known you
0%
38 Napalm skies
0%
55 Northern thunder
0%
80 Someday on my mind
0%
51 Traveling man
0%
No matching quizzes found
Score Distribution
Percent of People with Each Score
Percentile by Number Answered
Your Score History
You have not taken this quiz since the last reset